Welcome to CU Library Online Public Access Catalogue (OPAC)

Emergency Medical Services/ (Record no. 2889)

MARC details
000 -LEADER
fixed length control field 00509nam a22001697a 4500
005 - DATE AND TIME OF LATEST TRANSACTION
control field 20250123100412.0
008 - FIXED-LENGTH DATA ELEMENTS--GENERAL INFORMATION
fixed length control field 250123b |||||||| |||| 00| 0 eng d
020 ## - INTERNATIONAL STANDARD BOOK NUMBER
International Standard Book Number 8181911040
050 ## - LIBRARY OF CONGRESS CALL NUMBER
Classification number RA645.6 KHA
100 ## - MAIN ENTRY--PERSONAL NAME
Personal name Khan, Mohd Faisal
245 ## - TITLE STATEMENT
Title Emergency Medical Services/
Remainder of title principles and guidelines
Statement of responsibility, etc. Mohd Faisal Khan, Humera Khan
250 ## - EDITION STATEMENT
Edition statement 1st ed.
260 ## - PUBLICATION, DISTRIBUTION, ETC.
Place of publication, distribution, etc. Hyderabad, India
Name of publisher, distributor, etc. Paras Medical Publisher
Date of publication, distribution, etc. 2005
300 ## - PHYSICAL DESCRIPTION
Extent 375p.
Dimensions 21.5cm
700 ## - ADDED ENTRY--PERSONAL NAME
Personal name Khan, Humera
942 ## - ADDED ENTRY ELEMENTS (KOHA)
Source of classification or shelving scheme Library of Congress Classification
Koha item type Books
Edition 1st ed.
Suppress in OPAC No
999 ## -
-- 2889
-- 2889
Holdings
Withdrawn status Lost status Source of classification or shelving scheme Damaged status Not for loan Collection Home library Current library Shelving location Date acquired Total checkouts Full call number Barcode Date last seen Copy number Price effective from Koha item type
    Library of Congress Classification     Non-fiction Science Library (Miotso) Science Library (Miotso) General stacks 01/23/2025   RA645.6 KHA SLM00002260 01/23/2025 1 01/23/2025 Books
    Library of Congress Classification     Non-fiction Science Library (Miotso) Science Library (Miotso) General stacks 01/23/2025   RA645.6 KHA SLM00002261 01/23/2025 2 01/23/2025 Books
    Library of Congress Classification     Non-fiction Science Library (Miotso) Science Library (Miotso) General stacks 01/23/2025   RA645.6 KHA SLM00002262 01/23/2025 3 01/23/2025 Books
    Library of Congress Classification     Non-fiction Science Library (Miotso) Science Library (Miotso) General stacks 01/23/2025   RA645.6 KHA SLM00002263 01/23/2025 4 01/23/2025 Books
© 2023-2024 Copyright: Central University Libraries. All Rights Reserved | Created by: Mahone Tech Office